LEADER 01138cam0-2200385---450- 001 990009677610403321 005 20160928150027.0 010 $a978-88-568-4533-4 035 $a000967761 035 $aFED01000967761 035 $a(Aleph)000967761FED01 035 $a000967761 100 $a20130206d2011----km-y0itay50------ba 101 0 $aita 102 $aIT 105 $aa-------001yy 200 1 $aEconomia civile e lavoro$fa cura di Luigi Frey e Stefania Marcozzi$gscritti di Leonardo Becchetti ... [et al.] 210 $aMilano$cFrancoAngeli$d2011 215 $a140 p.$ctab.$d23 cm 225 1 $aQuaderni di economia del lavoro$v94 610 0 $aEconomia sociale$aLavoro 676 $a338.43361763$v22$zita 702 1$aFrey,$bLuigi$f<1934- > 702 1$aMarcozzi,$bStefania 801 0$aIT$bUNINA$gREICAT$2UNIMARC 901 $aBK 912 $a990009677610403321 952 $aCollez. 399 (94)$b51096$fFSPBC 952 $aEco-1.QL/94$b520/DE$fSES 952 $aXV C 223 (94)$b54484*$fFGBC 959 $aFSPBC 959 $aSES 959 $aFGBC 996 $aEconomia civile e lavoro$9839386 997 $aUNINA LEADER 01406nam2 2200349 i 450 001 SUN0018785 005 20150521010148.758 010 $a88-339-0770-8 100 $a20040702d1993 |0itac50 ba 101 $aita 102 $aIT 105 $a|||| ||||| 200 1 $aˆ18: La ‰vita simbolica$e1939-61$fCarl Gustav Jung 210 $aTorino$cBollati Boringhieri$d1993 215 $a121 p.$d18 cm. 461 1$1001SUN0018780$12001 $aOpere$fCarl Gustav Jung$v18$1210 $aTorino$cBollati Boringhieri$1215 $avolumi$d22 cm. 606 $aInconscio$2FI$3SUNC008777 606 $aSimboli$xPsicanalisi$2FI$3SUNC009238 620 $dTorino$3SUNL000001 676 $a154.2$v21 700 1$aJung$b, Carl G.$3SUNV014849$0730920 712 $aBollati Boringhieri$3SUNV000104$4650 790 1$aJung, Karl Gustav$zJung, Carl G.$3SUNV014850 790 1$aJung, Carl Gustav$zJung, Carl G.$3SUNV062470 790 1$aJung, C.G.$zJung, Carl G.$3SUNV062471 790 1$aJung, C. G.$zJung, Carl G.$3SUNV062472 801 $aIT$bSOL$c20181109$gRICA 912 $aSUN0018785 950 $aUFFICIO DI BIBLIOTECA DEL DIPARTIMENTO DI PSICOLOGIA$d16 CONS 656 $e16 VS 2329 995 $aUFFICIO DI BIBLIOTECA DEL DIPARTIMENTO DI PSICOLOGIA$bIT-CE0119$gVS$h2329$kCONS 656$oc$qa 996 $aVita simbolica$91401603 997 $aUNICAMPANIA LEADER 02343nam 2200493 450 001 9910796110003321 005 20230803214937.0 010 $a84-92619-95-3 035 $a(CKB)3790000000025485 035 $a(EBL)2086197 035 $a(SSID)ssj0001517410 035 $a(PQKBManifestationID)12496914 035 $a(PQKBTitleCode)TC0001517410 035 $a(PQKBWorkID)11500807 035 $a(PQKB)10180333 035 $a(MiAaPQ)EBC2086197 035 $a(Au-PeEL)EBL2086197 035 $a(OCoLC)914152946 035 $a(EXLCZ)993790000000025485 100 $a20200122d2014 uy 0 101 0 $aspa 135 $aur|n|---||||| 181 $ctxt 182 $cc 183 $acr 200 14$aLas mudanzas del cante en tiempo de silverio $eana?lisis histo?rico-musical de su escuela de cante /$fGuillermo Castro Buendi?a 210 1$aBarcelona :$cEdiciones Carena,$d2014. 215 $a1 online resource (722 p.) 225 0 $aFlamenco Las mudanzas del cante en tiempos de Silverio 300 $aDescription based upon print version of record. 320 $aIncludes bibliographical references. 327 $aPortada; Ti?tulo; Pro?logo; Prea?mbulo; Capi?tulo I: Consideraciones previas; I.1. La importancia de los registros sonoros y el papel de Silverio Franconetti; I.2. Sobre la terminologi?a del flamenco; II. Capi?tulo II. Corpus musical; II.1. La transcripcio?n de la mu?sica flamenca; II.2. Fundamentos de la mu?sica flamenca; III. Capi?tulo III. Los estilos; III.1. Cantes sin guitarra; III.2. Peteneras; III.3. Can?a y Polo; III.4. Liviana y Serrana; III.5. Seguiriyas; III.6. Soleares; III.6.9. Ape?ndice; III.7. Los Fandangos; III.7.5. Seleccio?n de grabaciones; Epi?logo; Bibliografi?a; Discografi?a; Videografi?a 327 $aGlosario de te?rminos flamencos y de otra i?ndoleAgradecimientos; Otros ti?tulos del mismo editor; ¿Le ha gustado este libro?; Copyright 606 $aFlamenco music$zSpain$xHistory and criticism 615 0$aFlamenco music$xHistory and criticism. 676 $a781.62610468 700 $aCastro Buendi?a$b Guillermo$f1973-$01544181 801 0$bMiAaPQ 801 1$bMiAaPQ 801 2$bMiAaPQ 906 $aBOOK 912 $a9910796110003321 996 $aLas mudanzas del cante en tiempo de silverio$93798156 997 $aUNINA